Cooperation and helping behavior : Theoties and research

Zapisane w:
Opis bibliograficzny
1. autor: Derlega, Valerian J.
Format: Książka
Język:Undetermined
Wydane: New York Academic Press 1982
Hasła przedmiotowe:
Etykiety: Dodaj etykietę
Nie ma etykietki, Dołącz pierwszą etykiete!
Thư viện lưu trữ: Trung tâm Học liệu Trường Đại học Cần Thơ
LEADER 00517nam a2200181Ia 4500
001 CTU_78866
008 210402s9999 xx 000 0 und d
082 |a 158 
082 |b D434 
100 |a Derlega, Valerian J. 
245 0 |a Cooperation and helping behavior : 
245 0 |b Theoties and research 
245 0 |c Valerian J. Derlega, Janusz Grzelak 
260 |a New York 
260 |b Academic Press 
260 |c 1982 
650 |a Cooperative behavior 
980 |a Trung tâm Học liệu Trường Đại học Cần Thơ